左手的繆思
| 資料類型: | 圖書 | 書目號: | 24942 |
Leader xxxxxxxxxx 001 __ PCLIS00024942 005 __ 20230301143358.0 010 0_ |b平裝|dNT$80 100 __ |a19870509d1986 m y0chiy09 e 101 1_ |achi 102 __ |atw 105 __ |ay z 000cy 200 1_ |a左手的繆思|f余光中著 205 __ |a二版 210 __ |a臺北巿|c時報文化|d民75[1986] 215 0_ |a173面|d19公分 225 1_ |a人間叢書|v34 300 __ |a語文--創作選集 606 __ |2cst|a散文 681 __ |a855|b8556 681 __ |a848|b8556 88 C.1 700 _1 |a余|b光中|f1928-2017|4著 801 _0 |atw|b內湖高中|c20010622 801 _2 |atw|b內湖高中|c20230301|gCCR |